000 00316nam a22001337a 4500
003 SGT
082 _a617.966
_bD89A
100 _aAllen, G. D.
245 _aDental Anesthesia and Analgesia
250 _a3rd Ed.
260 _bC.B.S. Publishers & Distributers Pvt. Ltd.
_c1989
300 _a432
942 _2ddc
_cRARE
999 _c33148
_d33148